Saiyad Saddullar pora Gopinath Bordoloi loi (1937-50) (Record no. 9446)

MARC details
000 -LEADER
fixed length control field 00620cam a2200229ua 4500
001 - CONTROL NUMBER
control field 10470
005 - DATE AND TIME OF LATEST TRANSACTION
control field 20260515114627.0
008 - FIXED-LENGTH DATA ELEMENTS--GENERAL INFORMATION
fixed length control field 190227n ii |||gr||||Z||||||asm
020 ## - INTERNATIONAL STANDARD BOOK NUMBER
International Standard Book Number 9788186385289
040 ## - CATALOGING SOURCE
Transcribing agency MAIN
041 ## - LANGUAGE CODE
Language code of text/sound track or separate title asm
082 ## - DEWEY DECIMAL CLASSIFICATION NUMBER
Classification number 954.162
100 ## - MAIN ENTRY--PERSONAL NAME
Personal name Ranjit Sabhapandit,
Relator term Author.
245 ## - TITLE STATEMENT
Title Saiyad Saddullar pora Gopinath Bordoloi loi (1937-50)
Remainder of title Asomor rajnaitik itihas
250 ## - EDITION STATEMENT
Edition statement 1st ed.
260 ## - PUBLICATION, DISTRIBUTION, ETC.
Place of publication, distribution, etc. Guwahati:
Name of publisher, distributor, etc. Assam publishing company,
Date of publication, distribution, etc. 2014.
300 ## - PHYSICAL DESCRIPTION
Extent 232p.
653 ## - INDEX TERM--UNCONTROLLED
Uncontrolled term South Asia India
653 ## - INDEX TERM--UNCONTROLLED
Uncontrolled term History of Assam
653 ## - INDEX TERM--UNCONTROLLED
Uncontrolled term Political history of Assam
942 ## - ADDED ENTRY ELEMENTS (KOHA)
Koha item type Books
Holdings
Withdrawn status Lost status Damaged status Not for loan Home library Current library Shelving location Date acquired Total checkouts Full call number Barcode Date last seen Copy number Price effective from Koha item type
        Naharkatiya College Library Naharkatiya College Library General stacks 09/19/2020   954.162History of Assam | SAB 24417 09/19/2020 1 09/19/2020 Books
        Naharkatiya College Library Naharkatiya College Library General stacks 09/19/2020   954.162History of Assam | SAB 24418 09/19/2020 2 09/19/2020 Books